000 00741nam a2200169 a 4500
008 121211s1996 ||||||||||||||||| || u
050 _aPAPERS/STAFF
100 _aSiziya, Seter
245 1 0 _aMaternal risk factors for childhood malnutrition in the Mazowe district of Zimbabwe
_cby Seter Siziya; [and others]
260 _aLusaka:
_bUniversity of Zambia, School of Medicine
_c1996
300 _ap. 240 - p. 244: ill.
490 _aCentral African Journal of Medicine
490 _vVol.42, No.8
500 _aBibliography
650 _aCHILDHOOD MALNUTRITION--MAZOWE DISTRICT, ZIMBABWE
995 _aSPECIAL COLLECTIONS
_e356
_FCBU-SCHOOL OF MEDICINE LIBRARY (Ndola)
_jPAPERS/STAFF/SIZIYA
_M1
_UAVAILABLE
_WDec 11, 2012
_yB356
_ZZambiana Collection
999 _c31990
_d31990